Dystopian Fiction Quiz Stats

 Plays Quiz Updated Aug 4, 2018

Challenge
Share
Tweet
Embed
Score 0/20 Timer 10:00
25 Plays Today
% Correct
The Hunger Games (Suzanne Collins)
91.9%
Planet of the Apes (Pierre Boulle)
90.1%
Fahrenheit 451 (Ray Bradbury)
82.5%
The Handmaid's Tale (Margaret Atwood)
80.2%
A Clockwork Orange (Anthony Burgess)
79.4%
Divergent (Veronica Roth)
74.5%
Nineteen Eighty-Four (George Orwell)
73.2%
Do Androids Dream of Electric Sheep? (Philip K. Dick)
72.8%
The Children of Men (P.D. James)
72.2%
The Road (Cormac McCarthy)
71.5%
% Correct
Battle Royale (Kōshun Takami)
70%
The Giver (Lois Lowry)
64.1%
The Time Machine (H.G. Wells)
62.2%
Brave New World (Aldous Huxley)
56.6%
Logan's Run (William F. Nolan & George Clayton Johnson)
56%
The Trial (Franz Kafka)
54.2%
The Running Man (Richard Bachman)
50.9%
Never Let Me Go (Kazuo Ishiguro)
38.6%
Infinite Jest (David Foster Wallace)
33.7%
Snow Crash (Neal Stephenson)
24.1%

You're not logged in!

Compare scores with friends on all Sporcle quizzes.
Join for Free
OR
Log In

Show Comments

Extras

Top Quizzes Today


Score Distribution

Your Account Isn't Verified!

In order to create a playlist on Sporcle, you need to verify the email address you used during registration. Go to your Sporcle Settings to finish the process.

Report this User

Report this user for behavior that violates our Community Guidelines.

Details: